<?xml version="1.0" encoding="UTF-8"?>
<collection xmlns="http://www.loc.gov/MARC21/slim">
 <record>
  <leader>01530nam a2200205Ia 4500</leader>
  <controlfield tag="001">CTU_214871</controlfield>
  <controlfield tag="008">210402s9999    xx            000 0 und d</controlfield>
  <datafield tag="082" ind1=" " ind2=" ">
   <subfield code="a">635.642</subfield>
  </datafield>
  <datafield tag="082" ind1=" " ind2=" ">
   <subfield code="b">J76</subfield>
  </datafield>
  <datafield tag="100" ind1=" " ind2=" ">
   <subfield code="a">Jones, J. Benton</subfield>
  </datafield>
  <datafield tag="245" ind1=" " ind2="0">
   <subfield code="a">Tomato plant culture :</subfield>
  </datafield>
  <datafield tag="245" ind1=" " ind2="0">
   <subfield code="b">In the field, greenhouse, and home garden</subfield>
  </datafield>
  <datafield tag="245" ind1=" " ind2="0">
   <subfield code="c">J. Benton Jones, Jr.</subfield>
  </datafield>
  <datafield tag="260" ind1=" " ind2=" ">
   <subfield code="a">Boca Raton, FL</subfield>
  </datafield>
  <datafield tag="260" ind1=" " ind2=" ">
   <subfield code="b">CRC Press</subfield>
  </datafield>
  <datafield tag="260" ind1=" " ind2=" ">
   <subfield code="c">2008</subfield>
  </datafield>
  <datafield tag="520" ind1=" " ind2=" ">
   <subfield code="a">Once considered poisonous, now considered essential, tomatoes are the West's most popular fruits and a primary source of nutrition amongst fruits and vegetables in the US, bested only by the potato by way of the deep fryer. Over 140 countries compete to meet the demand, and the market has broadened significantly to include greenhouse varieties, fast-food staples, fruit on the vine, and heirloom varieties for commercial or home growing. Jones (agronomy, U. of Georgia, Athens) updates this edition to include the most current research and practice for large and small growers producing fruit and seedlings as he covers the history of tomato culture, plant characteristics and physiology, seed and seedling production, fruit characteristics and grading, plant nutrition, field production in soil, greenhouse production, and pest identification and control. He also provides a glossary and handy summaries of characteristics and statistics for quick reference.</subfield>
  </datafield>
  <datafield tag="650" ind1=" " ind2=" ">
   <subfield code="a">Tomatoes,Thực vật học</subfield>
  </datafield>
  <datafield tag="904" ind1=" " ind2=" ">
   <subfield code="i">Trọng Hải</subfield>
  </datafield>
  <datafield tag="980" ind1=" " ind2=" ">
   <subfield code="a">Trung tâm Học liệu Trường Đại học Cần Thơ</subfield>
  </datafield>
 </record>
</collection>
